000 00340nam a2200145 a 4500
008 970814s1970||||xx 0 und c
040 _aSNK
_bslo
_cSNK
_eAACR2
100 1 _aMartiš, Ján
245 1 0 _aCisársky večný vojak
260 _aBratislava
_bSÚKK
_c1970
300 _a218 s.
020 _c33
041 _aslo
044 _axo
_cSK
999 _c12228
_d12228